Theoretical Fundament of a Spatial Factor in Modelling of International Stock Market Linkages

Prepojenie medzi trhmi ako zásadným problém pri modelovaní volatility aplikácií v rámci plnenia úloh v oblasti obchodovania a finančnej regulácie. Skúmanie vplyvu fyzickej vzdialenosti. Priestorová ekonometria ako nástroj na modelovanie trhových väzieb. Dostupnosť softvéru pre priestorovú analýzu.

Gespeichert in:
Bibliographische Detailangaben
1. Verfasser: Kováč, Stanislav
Format: Buchkapitel
Sprache:Englisch
Schlagworte:
Tags: Tag hinzufügen
Keine Tags, Fügen Sie das erste Tag hinzu!

MARC

LEADER 00000naa$a2200000$$$4500
001 0260602
005 20240502074128.9
041 0 |a eng 
044 |a SK 
245 1 0 |a Theoretical Fundament of a Spatial Factor in Modelling of International Stock Market Linkages  |c Stanislav Kováč 
520 |a Prepojenie medzi trhmi ako zásadným problém pri modelovaní volatility aplikácií v rámci plnenia úloh v oblasti obchodovania a finančnej regulácie. Skúmanie vplyvu fyzickej vzdialenosti. Priestorová ekonometria ako nástroj na modelovanie trhových väzieb. Dostupnosť softvéru pre priestorovú analýzu. 
610 2 0 |a modelovanie ekonometrické 
610 2 0 |a papiere cenné 
610 2 0 |a trh medzinárodný 
610 2 0 |a korelácia 
610 2 0 |a priestor 
100 1 |a Kováč, Stanislav